| 000 | 00797nam a2200253 i 4500 | ||
|---|---|---|---|
| 001 | 17224 | ||
| 003 | ES-MaACL | ||
| 005 | 20250407063100.0 | ||
| 007 | t| | ||
| 008 | 010123s2000 sp ||||0| spa j | ||
| 020 | _a84-239-9754-5 | ||
| 040 |
_aM-BN _bspa _cM-BN |
||
| 080 | _a929 Maeztu, Ramiro de | ||
| 080 | _a821.134.2 Maeztu, Ramiro de 1.06 | ||
| 100 | 1 |
_aVillacañas Berlanga, José Luis, _d1955- _9152048 |
|
| 245 | 1 | 0 |
_aRamiro de Maeztu y el ideal de la burguesía en España / _cJosé Luis Villacañas. |
| 260 |
_aMadrid : _bEspasa-Calpe, _c[2000] |
||
| 300 |
_a494 p. ; _c23 cm. |
||
| 490 | 1 | _aEspasa fórum | |
| 600 | 1 | 4 |
_aMaeztu, Ramiro de, _d1875-1936 _975421 |
| 830 | 0 |
_aEspasa fórum _9179708 |
|
| 852 |
_aES-MaACL _jL-24199 _bR.129258 |
||
| 999 |
_c17224 _d17224 |
||